Statistics for Body parts

Click here to take the quiz!

General Stats

  • This quiz has been taken 4 times
  • The average score is 24 of 59

Answer Stats

HintAnswer% Correct
heartel corazón
100%
bodyel cuerpo
100%
eyeel ojo
100%
hairel pelo
100%
footel pie
100%
mouthla boca
100%
headla cabeza
100%
brainel cerebro
75%
lungel pulmón
75%
facela cara
75%
handla mano
75%
nosela nariz
75%
earla oreja
75%
legla pierna
75%
kneela rodilla
75%
moustacheel bigote
50%
armel brazo
50%
fingerel dedo
50%
toeel dedo del pie
50%
teethel diente
50%
stomachel estómago
50%
chestel pecho
50%
backla espalda
50%
tonguela lengua
50%
right handla mano derecha
50%
left handla mano izquierda
50%
bloodla sangre
50%
nailla uña
50%
toothlos dientes
50%
lipslos labios
50%
buttel culo
25%
shoulderel hombro
25%
boneel hueso
25%
thighel muslo
25%
ankleel tobillo
25%
beardla barba
25%
hipla cadera
25%
eyebrowla ceja
25%
waistla cintura
25%
cheekla mejilla
25%
wristla muñeca
25%
calfla pantorrilla
25%
skinla piel
25%
forearmel antebrazo
0%
elbowel codo
0%
muscleel múusculo
0%
kidneyel riñón
0%
heelel talón
0%
armpitla axila
0%
chinla barbilla
0%
foreheadla frentre
0%
throatla garganta
0%
musclela músculo
0%
buttcheckla nalga
0%
back of the neckla nuca
0%
freckleslas pecas
0%
eyelasheslas pestañas
0%
stomachla tripa
0%
body partspartes del cuerpo
0%

Score Distribution

Percentile by Number Answered

Percent of People with Each Score

Your Score History

You have not taken this quiz